000 00517nam a2200205 a 4500
999 _c4370
_d4370
001 4370
003 BD-JhCC
005 20171129102547.0
008 171126s1970 a|||| |||| 00| 0 eng d
035 _a(BD-JhCC)
040 _aBD-JhCC
_dBD-JhCC
041 _aeng
082 _a910.4
_bKIN 1970
100 _a King, Charles
245 _aTravel into the future /
_cCharles King
260 _aLondon :
_bOxford University press,
_c1970
300 _a63 p. :
_bill. ;
_c23cm.
650 _aTrave logue
942 _2ddc
_cBK